| 000 | 00545nam a22001817a 4500 | ||
|---|---|---|---|
| 005 | 20251108170927.0 | ||
| 008 | 250721s1998 xx 000 0 ara d | ||
| 082 | 1 | 4 | _aط/ 581.92/نبا |
| 245 | 1 | 0 | _aنباتات البحار / |
| 264 | 1 |
_aبيروت : _bأكاديميا، _c1998. |
|
| 300 | _a31ص.:مص. | ||
| 490 | 0 | _aعالم النبات | |
| 650 | 1 | 7 | _aالنباتات المائية |
| 650 | 1 | 7 | _aالبيئة البحرية |
| 653 | _aأطفال مرحلة متوسطة (6-9) سنوات | ||
| 942 |
_2ddc _cBK |
||
| 999 |
_c52328 _d52328 |
||